Novels in the Malazan Book of the Fallen series - Statistics

General Stats
  • This quiz has been taken 87 times
  • The average score is 8 of 10
Answer Stats
Book Title % Correct
Gardens of the Moon
99%
Deadhouse Gates
90%
The Crippled God
87%
Memories of Ice
86%
House of Chains
79%
Midnight Tides
79%
The Bonehunters
79%
Toll the Hounds
73%
Reaper's Gale
69%
Dust of Dreams
66%
No matching quizzes found
Score Distribution
Percent of People with Each Score
Percentile by Number Answered
Your Score History
You have not taken this quiz